Fr. Conceicao Rodrigues College of Engineering

Cost Accounting (Record no. 27215)

MARC details
000 -LEADER
fixed length control field 00313nam a2200145Ia 4500
082 ## - DEWEY DECIMAL CLASSIFICATION NUMBER
Classification number 657.4
100 ## - MAIN ENTRY--PERSONAL NAME
Personal name Banerjee/Bhabatosh
245 ## - TITLE STATEMENT
Title Cost Accounting
260 ## - PUBLICATION, DISTRIBUTION, ETC.
Name of publisher, distributor, etc. World Press Pvt.Ltd
Place of publication, distribution, etc. Calcutta
Date of publication, distribution, etc. 1974
300 ## - PHYSICAL DESCRIPTION
Extent 788
546 ## - LANGUAGE NOTE
Language note ENGLISH
650 ## - SUBJECT ADDED ENTRY--TOPICAL TERM
Topical term or geographic name entry element Economics
654 ## - SUBJECT ADDED ENTRY--FACETED TOPICAL TERMS
Focus term Accounting
942 ## - ADDED ENTRY ELEMENTS (KOHA)
Koha item type BOOK
Holdings
Withdrawn status Lost status Damaged status Not for loan Collection Home library Current library Date acquired Cost, normal purchase price Inventory number Total Checkouts Full call number Barcode Date last seen Cost, replacement price Price effective from Koha item type
        AFT Fr. Agnel's C.Rodrigues College of Engineering Fr. Agnel's C.Rodrigues College of Engineering 17/03/2023 26.00 T-8   657.4 AFT1462 17/03/2023 26.00 17/03/2023 BOOK
        AFT Fr. Agnel's C.Rodrigues College of Engineering Fr. Agnel's C.Rodrigues College of Engineering 17/03/2023 26.00 T-36   657.4 AFT1476 17/03/2023 26.00 17/03/2023 BOOK
        AFT Fr. Agnel's C.Rodrigues College of Engineering Fr. Agnel's C.Rodrigues College of Engineering 17/03/2023 26.00 T-36   657.4 AFT1477 17/03/2023 26.00 17/03/2023 BOOK
        AFT Fr. Agnel's C.Rodrigues College of Engineering Fr. Agnel's C.Rodrigues College of Engineering 17/03/2023 26.00 T-36   657.4 AFT1478 17/03/2023 26.00 17/03/2023 BOOK